[Event "Ljubljana-chT 75th"]
[Site "Ljubljana"]
[Date "2023.03.09"]
[Round "7.1"]
[White "Jancigaj, Saso"]
[Black "Lanjscek, Miha"]
[Result "1/2-1/2"]
[WhiteElo "1683"]
[BlackElo "1812"]
[PlyCount "35"]
[EventDate "2023.01.12"]
[EventType "team-swiss"]
[EventRounds "9"]
[EventCountry "SLO"]
[SourceTitle "EXT 2024"]
[Source "ChessBase"]
[SourceDate "2023.10.10"]
[SourceVersion "1"]
[SourceVersionDate "2023.10.10"]
[SourceQuality "1"]
[WhiteTeam "Visnja Gora Sticna"]
[BlackTeam "Trzin Pekos Pub"]
[WhiteTeamCountry "SLO"]
[BlackTeamCountry "SLO"]

1. f4 Nf6 2. Nf3 d5 3. d4 e6 4. e3 c5 5. c3 Nc6 6. Bd3 Bd6 7. Ne5 Qc7 8. Nd2 b6 9. 0-0 Bb7 10. Qe2 0-0-0 11. a3 h6 12. b4 c4 13. Bc2 Bxe5 14. fxe5 Ng8 15. Qe1 Nge7 16. Qe2 Ng8 17. Qe1 Nge7 18. Qe2 1/2-1/2

[Event "SLO-chT Central 23rd"]
[Site "Slovenia"]
[Date "2022.09.29"]
[Round "2.3"]
[White "Jancigaj, Saso"]
[Black "Novakovic, Novica"]
[Result "1-0"]
[WhiteElo "1706"]
[BlackElo "1673"]
[PlyCount "105"]
[EventDate "2022.09.15"]
[EventType "team-swiss"]
[EventRounds "9"]
[EventCountry "SLO"]
[SourceTitle "EXT 2024"]
[Source "ChessBase"]
[SourceDate "2023.10.10"]
[SourceVersion "1"]
[SourceVersionDate "2023.10.10"]
[SourceQuality "1"]
[WhiteTeam "Visnja Gora Sticna"]
[BlackTeam "Ljubljana Karel Jeraj"]
[WhiteTeamCountry "SLO"]
[BlackTeamCountry "SLO"]

1. f4 c6 2. Nf3 d6 3. e3 g6 4. d4 Nf6 5. Bd3 Bg7 6. Nbd2 Qa5 7. c3 Bg4 8. 0-0 Nd5 9. Nc4 Qc7 10. e4 Nb6 11. e5 Nxc4 12. Bxc4 d5 13. Bd3 e6 14. h3 Bxf3 15. Rxf3 Nd7 16. Bd2 Qb6 17. b4 a6 18. a4 0-0 19. g4 Rae8 20. g5 h5 21. gxh6 Bxh6 22. h4 Kh7 23. h5 Rg8 24. Rg3 Rg7 25. hxg6+ fxg6 26. Qh5 Nf8 27. Kg2 Qd8 28. Rh1 Qe7 29. Qxh6+ Kg8 30. Bxg6 Nxg6 31. Rxg6 Rxg6+ 32. Qxg6+ Qg7 33. Qxg7+ Kxg7 34. Kf3 Rf8 35. Rg1+ Kf7 36. Be1 Rh8 37. Bg3 Rh3 38. Rc1 Ke7 39. Kg4 Rh8 40. Bh4+ Kf7 41. c4 dxc4 42. Rxc4 Rg8+ 43. Bg5 Rh8 44. b5 axb5 45. axb5 Rc8 46. bxc6 bxc6 47. f5 Rc7 48. f6 Kg6 49. Bf4 Rc8 50. Rc3 Rc7 51. Rh3 Kf7 52. Rh7+ Kg6 53. Rxc7 1-0

[Event "SLO-chT Central 21st"]
[Site "Slovenia"]
[Date "2020.10.01"]
[Round "3.2"]
[White "Jancigaj, Saso"]
[Black "Mlacnik, Janez"]
[Result "0-1"]
[WhiteElo "1728"]
[BlackElo "1822"]
[PlyCount "25"]
[EventDate "2020.09.17"]
[EventType "team-swiss"]
[EventRounds "5"]
[EventCountry "SLO"]
[SourceTitle "EXT 2024"]
[Source "ChessBase"]
[SourceDate "2023.10.10"]
[SourceVersion "1"]
[SourceVersionDate "2023.10.10"]
[SourceQuality "1"]
[WhiteTeam "Visnja Gora Sticna"]
[BlackTeam "Ljubljana Karel Jeraj"]
[WhiteTeamCountry "SLO"]
[BlackTeamCountry "SLO"]

1. f4 d6 2. Nf3 g6 3. e3 Bg7 4. d4 Nf6 5. Bd3 0-0 6. 0-0 Nc6 7. c3 Bg4 8. Nbd2 e5 9. Qc2 Qe7 10. Ng5 h6 11. Nge4 Nxe4 12. Bxe4 Rad8 13. a4 0-1

[Event "Ljubljana-chT 73rd"]
[Site "Ljubljana"]
[Date "2020.01.23"]
[Round "2.2"]
[White "Jancigaj, Saso"]
[Black "Butala, Marjan"]
[Result "1/2-1/2"]
[WhiteElo "1715"]
[BlackElo "1921"]
[PlyCount "77"]
[EventDate "2020.01.16"]
[EventType "team-swiss"]
[EventRounds "6"]
[EventCountry "SLO"]
[SourceTitle "EXT 2024"]
[Source "ChessBase"]
[SourceDate "2023.10.10"]
[SourceVersion "1"]
[SourceVersionDate "2023.10.10"]
[SourceQuality "1"]
[WhiteTeam "Visnja Gora Sticna"]
[BlackTeam "Ljubljana Karel Jeraj"]
[WhiteTeamCountry "SLO"]
[BlackTeamCountry "SLO"]

1. f4 Nf6 2. e3 g6 3. Nf3 Bg7 4. d4 d5 5. Bd3 0-0 6. 0-0 c5 7. c3 b6 8. Nbd2 Ba6 9. Bxa6 Nxa6 10. Qc2 Qc7 11. Ne5 Nd7 12. Ndf3 Nxe5 13. fxe5 Rac8 14. Qf2 f6 15. exf6 exf6 16. Bd2 Rce8 17. Nh4 Re4 18. g3 Qe7 19. Rae1 c4 20. Ng2 b5 21. a3 Nc7 22. Qf3 Qd7 23. Nf4 f5 24. h4 Qd6 25. Re2 Ne6 26. Nh3 a5 27. Rg2 h5 28. Nf4 Nxf4 29. gxf4 Kh7 30. Kh1 Bh6 31. Rfg1 Rf6 32. Rg3 Qe6 33. Kh2 Qf7 34. R1g2 Rb6 35. Kh3 Bf8 36. Qe2 Be7 37. Rg1 Bf8 38. Qf3 Bh6 39. R3g2 1/2-1/2

[Event "Ljubljana-chT 73rd"]
[Site "Ljubljana"]
[Date "2020.01.16"]
[Round "1.2"]
[White "Novakovic, Gosto"]
[Black "Jancigaj, Saso"]
[Result "1-0"]
[WhiteElo "1732"]
[BlackElo "1715"]
[PlyCount "122"]
[EventDate "2020.01.16"]
[EventType "team-swiss"]
[EventRounds "6"]
[EventCountry "SLO"]
[SourceTitle "EXT 2024"]
[Source "ChessBase"]
[SourceDate "2023.10.10"]
[SourceVersion "1"]
[SourceVersionDate "2023.10.10"]
[SourceQuality "1"]
[WhiteTeam "Zelenci LPP"]
[BlackTeam "Visnja Gora Sticna"]
[WhiteTeamCountry "SLO"]
[BlackTeamCountry "SLO"]

1. e4 e6 2. Nc3 f5 3. d3 d5 4. e5 d4 5. Nce2 Bb4+ 6. Bd2 a5 7. Nf3 Ne7 8. Nexd4 c5 9. c3 cxd4 10. cxb4 axb4 11. Bxb4 0-0 12. Be2 Re8 13. 0-0 Nbc6 14. Bd6 Ng6 15. Re1 Nh4 16. Nxh4 Qxh4 17. g3 Qh6 18. f4 g5 19. fxg5 Qxg5 20. Kh1 Kh8 21. Bh5 Rg8 22. Qf3 Bd7 23. Rg1 Nd8 24. Qe2 Bc6+ 25. Bf3 Ra6 26. a3 Bxf3+ 27. Qxf3 Rc6 28. h4 Qd2 29. Rg2 Rc1+ 30. Rxc1 Qxc1+ 31. Kh2 Nc6 32. Qf4 Qxf4 33. gxf4 Rxg2+ 34. Kxg2 b5 35. h5 Kg7 36. Kh3 Na5 37. Bc5 Nb3 38. Bb6 Nc1 39. Bxd4 Nxd3 40. Kg3 Kh6 41. Kf3 Kxh5 42. Ke3 Ne1 43. Ke2 Ng2 44. Kf3 Nh4+ 45. Kg3 Ng6 46. Bc5 Nh8 47. b3 Nf7 48. Be7 Nh6 49. a4 bxa4 50. bxa4 Ng4 51. Bc5 Nh6 52. a5 Nf7 53. Be7 Kg6 54. a6 h5 55. a7 Nh6 56. a8Q Kh7 57. Qf8 Kg6 58. Qf6+ Kh7 59. Kh4 Ng4 60. Qf7+ Kh8 61. Bf6+ Nxf6 1-0

[Event "SLO-chT3 West"]
[Site "Komenda"]
[Date "2019.12.08"]
[Round "4.4"]
[White "Jancigaj, Saso"]
[Black "Ulaga, Karel"]
[Result "1-0"]
[WhiteElo "1682"]
[BlackElo "1425"]
[PlyCount "87"]
[EventDate "2019.12.06"]
[EventType "team-swiss"]
[EventRounds "5"]
[EventCountry "SLO"]
[SourceTitle "EXT 2024"]
[Source "ChessBase"]
[SourceDate "2023.10.10"]
[SourceVersion "1"]
[SourceVersionDate "2023.10.10"]
[SourceQuality "1"]
[WhiteTeam "Visnja Gora Sticna"]
[BlackTeam "Ljubljana Karel Jeraj"]
[WhiteTeamCountry "SLO"]
[BlackTeamCountry "SLO"]

1. f4 Nf6 2. Nf3 d5 3. d4 Bg4 4. e3 e6 5. Bd3 Ne4 6. 0-0 Bd6 7. Nbd2 0-0 8. Nxe4 dxe4 9. Bxe4 c6 10. c3 Nd7 11. Qe1 Nf6 12. Bc2 Bxf3 13. Rxf3 h6 14. e4 Nd7 15. e5 Be7 16. f5 exf5 17. Bxf5 Nb6 18. e6 Kh8 19. Rh3 fxe6 20. Bxe6 Bg5 21. Qe4 Bxc1 22. Rxc1 Qg5 23. Re1 Rae8 24. Rg3 Qe7 25. Rg6 Rf6 26. Rxf6 Qxf6 27. Qe5 Nd7 28. Qxf6 Nxf6 29. Re2 Nd7 30. Bg4 Rxe2 31. Bxe2 Kg8 32. c4 Kf7 33. g3 Ke7 34. Kf2 Kd6 35. b4 b6 36. Bf3 c5 37. dxc5+ bxc5 38. a3 cxb4 39. axb4 Ne5 40. Be2 Kc6 41. Ke3 Kb6 42. Kd4 Nd7 43. c5+ Kc7 44. b5 1-0

[Event "Ljubljana-chT 72nd Superliga"]
[Site "Ljubljana"]
[Date "2019.03.14"]
[Round "7.4"]
[White "Jancigaj, Saso"]
[Black "Borisek, Anze"]
[Result "1-0"]
[WhiteElo "1668"]
[BlackElo "1936"]
[PlyCount "109"]
[EventDate "2019.01.10"]
[EventType "team-tourn"]
[EventRounds "7"]
[EventCountry "SLO"]
[SourceTitle "EXT 2024"]
[Source "ChessBase"]
[SourceDate "2023.10.10"]
[SourceVersion "1"]
[SourceVersionDate "2023.10.10"]
[SourceQuality "1"]
[WhiteTeam "Visnja Gora Sticna"]
[BlackTeam "Trzin Buscotrade"]
[WhiteTeamCountry "SLO"]
[BlackTeamCountry "SLO"]

1. f4 e5 2. fxe5 d6 3. exd6 Nf6 4. Nf3 Bxd6 5. d4 Ng4 6. Qd3 0-0 7. e4 c5 8. e5 Be7 9. h3 c4 10. Qc3 Nc6 11. a3 Nh6 12. Bxh6 gxh6 13. Bxc4 Bh4+ 14. Ke2 Bg3 15. Nbd2 Bf5 16. Nf1 Bh4 17. g3 Bg5 18. h4 Be7 19. d5 Na5 20. d6 Bxd6 21. exd6 Rc8 22. b3 b5 23. Ne3 Be6 24. Rad1 bxc4 25. b4 Nc6 26. Nd5 Bxd5 27. Rxd5 Re8+ 28. Kf2 Qb6+ 29. Rc5 Ne5 30. Nxe5 Rxc5 31. bxc5 Qxc5+ 32. Qe3 Qxd6 33. Nxc4 Qf6+ 34. Qf4 Qc3 35. Rd1 Qxc2+ 36. Rd2 Qc1 37. Re2 Rxe2+ 38. Kxe2 Qc2+ 39. Nd2 a5 40. Qxh6 Qc7 41. Qe3 Qc8 42. Qg5+ Kf8 43. Qxa5 Qg4+ 44. Kf2 Qd4+ 45. Kg2 Qd3 46. Qb4+ Kg8 47. Ne4 Qe2+ 48. Nf2 f5 49. a4 Qe6 50. Qc5 Qg6 51. a5 h6 52. Qc4+ Kg7 53. a6 Qb6 54. Qc8 Kf6 55. Qb7 1-0

[Event "Ljubljana-chT 72nd Superliga"]
[Site "Ljubljana"]
[Date "2019.01.17"]
[Round "2.4"]
[White "Zidar, Jernej"]
[Black "Jancigaj, Saso"]
[Result "1/2-1/2"]
[WhiteElo "1677"]
[BlackElo "1668"]
[PlyCount "105"]
[EventDate "2019.01.10"]
[EventType "team-tourn"]
[EventRounds "7"]
[EventCountry "SLO"]
[SourceTitle "EXT 2024"]
[Source "ChessBase"]
[SourceDate "2023.10.10"]
[SourceVersion "1"]
[SourceVersionDate "2023.10.10"]
[SourceQuality "1"]
[WhiteTeam "Komenda Popotnik"]
[BlackTeam "Visnja Gora Sticna"]
[WhiteTeamCountry "SLO"]
[BlackTeamCountry "SLO"]

1. d4 f5 2. Nf3 Nf6 3. c4 e6 4. Nc3 d5 5. g3 c6 6. Bg2 Bd6 7. 0-0 0-0 8. a3 Nbd7 9. b4 Ne4 10. Bb2 Rf6 11. Nd2 Qe8 12. Ndxe4 fxe4 13. b5 Qh5 14. e3 Qf7 15. Bxe4 dxe4 16. Nxe4 Bc7 17. Nxf6+ Nxf6 18. Qf3 Bd7 19. Rac1 Qh5 20. Qxh5 Nxh5 21. Rfd1 cxb5 22. cxb5 Bb6 23. a4 Nf6 24. d5 exd5 25. Bxf6 gxf6 26. Rxd5 Be6 27. Rd6 Kf7 28. e4 Ke7 29. Rd3 Rc8 30. Rxc8 Bxc8 31. Kg2 Be6 32. f4 f5 33. e5 Bc4 34. Rc3 Bd5+ 35. Kh3 h6 36. g4 Be6 37. gxf5 Bxf5+ 38. Kg3 Ba5 39. Rc5 Be1+ 40. Kf3 Ba5 41. Rc1 h5 42. Rg1 Bg4+ 43. Ke4 Bb6 44. Rf1 Bh3 45. Rd1 Bg4 46. Rd6 Bg1 47. Rh6 Bxh2 48. Rh7+ Ke6 49. Rxb7 Bf5+ 50. Kf3 Bg4+ 51. Ke4 Bf5+ 52. Kf3 Bg4+ 53. Ke4 1/2-1/2

[Event "SLO-chT1 Central 19th"]
[Site "Slovenia"]
[Date "2018.10.18"]
[Round "6.1"]
[White "Jancigaj, Saso"]
[Black "Arcon, Roman"]
[Result "1-0"]
[WhiteElo "1652"]
[BlackElo "1612"]
[PlyCount "181"]
[EventDate "2018.09.13"]
[EventType "team-tourn"]
[EventRounds "9"]
[EventCountry "SLO"]
[SourceTitle "EXT 2021"]
[Source "ChessBase"]
[SourceDate "2020.10.23"]
[SourceVersion "1"]
[SourceVersionDate "2020.10.23"]
[SourceQuality "1"]
[WhiteTeam "Trzin Pekos Pub"]
[BlackTeam "Medvode"]
[WhiteTeamCountry "SLO"]
[BlackTeamCountry "SLO"]

1. f4 d5 2. Nf3 c5 3. e3 Nf6 4. c3 Bg4 5. Qa4+ Nc6 6. Ne5 Qc7 7. Bb5 Bd7 8. d4 e6 9. Nd2 Be7 10. 0-0 0-0 11. Rf3 a6 12. Nxd7 Nxd7 13. Bd3 c4 14. Bb1 b5 15. Qc2 f5 16. Rh3 Rf6 17. Qd1 Rg6 18. Nf1 Nf6 19. Ng3 a5 20. Bd2 b4 21. Bc2 Ne4 22. Bxe4 fxe4 23. Qh5 Rh6 24. Qg4 Rg6 25. Qh5 Rh6 26. Qg4 Rg6 27. Qe2 Rb8 28. f5 exf5 29. Nxf5 Rg5 30. Rf1 Rf8 31. Rh5 Rg6 32. Be1 Qd7 33. Nxe7+ Qxe7 34. Rxf8+ Qxf8 35. Rxd5 Qf7 36. Rc5 Qf6 37. Rxc4 h6 38. Bg3 Kh7 39. Rc5 Qf7 40. c4 a4 41. d5 Ne7 42. Be5 Nf5 43. Rc7 Qe8 44. Bf4 Nh4 45. Bg3 Nf5 46. Be1 Qe5 47. Rb7 a3 48. Rxb4 axb2 49. Qxb2 Qxb2 50. Rxb2 Nxe3 51. Re2 Nxc4 52. Rxe4 Nb6 53. Re5 Rd6 54. Re6 Rxe6 55. dxe6 Kg6 56. Bc3 Nd5 57. Bd4 h5 58. a4 Kf5 59. Bxg7 Kxe6 60. a5 Nc7 61. Bd4 Kd5 62. Bb6 Na6 63. Kf2 Ke4 64. Kg3 Kf5 65. h4 Nb4 66. Kf3 Na6 67. g3 Nb4 68. Bc7 Na6 69. Bf4 Nc5 70. Ke3 Ke6 71. Bb8 Na6 72. Ba7 Kf5 73. Kd3 Kg4 74. Bf2 Kf3 75. Be1 Nc7 76. Kc4 Ke2 77. Bc3 Ke3 78. Be5 Na8 79. Kb5 Ke4 80. Bf4 Kd5 81. Ka6 Kc6 82. Ka7 Nc7 83. Kb8 Na6+ 84. Kc8 Nc5 85. Kd8 Kb5 86. Bd2 Kc6 87. Ke7 Kd5 88. Bf4 Ke4 89. Kf6 Kf3 90. Kg5 Ke4 91. Kxh5 1-0

[Event "SLO-chT1 Central 19th"]
[Site "Slovenia"]
[Date "2018.09.27"]
[Round "3.1"]
[White "Perme, Metod"]
[Black "Jancigaj, Saso"]
[Result "0-1"]
[WhiteElo "1304"]
[BlackElo "1652"]
[PlyCount "82"]
[EventDate "2018.09.13"]
[EventType "team-tourn"]
[EventRounds "9"]
[EventCountry "SLO"]
[SourceTitle "EXT 2021"]
[Source "ChessBase"]
[SourceDate "2020.10.23"]
[SourceVersion "1"]
[SourceVersionDate "2020.10.23"]
[SourceQuality "1"]
[WhiteTeam "Komenda Pogi"]
[BlackTeam "Trzin Pekos Pub"]
[WhiteTeamCountry "SLO"]
[BlackTeamCountry "SLO"]

1. e4 e6 2. Nf3 d5 3. Bd3 dxe4 4. Bxe4 f5 5. Bd3 Bd6 6. Nc3 Nf6 7. h3 0-0 8. 0-0 e5 9. Ng5 Qe7 10. Bc4+ Kh8 11. b3 e4 12. Re1 h6 13. Nd5 Nxd5 14. Qh5 Qxg5 15. Qxg5 hxg5 16. Bxd5 Nd7 17. d4 Nf6 18. Bc4 f4 19. g4 fxg3 20. Kg2 Bf4 21. Rh1 Bxc1 22. Raxc1 Bf5 23. h4 g4 24. h5 c6 25. fxg3 e3 26. Rcf1 Be4+ 27. Kg1 Bxh1 28. Kxh1 Nd5 29. Re1 Rae8 30. Be2 Rf2 31. Kg1 Nc3 32. Bd3 Rd2 33. Bg6 Re7 34. Rf1 Rf2 35. Re1 Ne2+ 36. Kh1 Nxg3+ 37. Kg1 Ne2+ 38. Kh1 Nf4 39. c4 Nh3 40. d5 g3 41. Rg1 Rh2# 0-1

[Event "Ljubljana-chT 71st 1st League"]
[Site "Ljubljana"]
[Date "2018.03.29"]
[Round "8.4"]
[White "Jancigaj, Saso"]
[Black "Lajovic, Maks"]
[Result "1-0"]
[WhiteElo "1655"]
[BlackElo "1604"]
[PlyCount "87"]
[EventDate "2018.01.11"]
[EventType "team-tourn"]
[EventRounds "9"]
[EventCountry "SLO"]
[SourceTitle "EXT 2024"]
[Source "ChessBase"]
[SourceDate "2023.10.10"]
[SourceVersion "1"]
[SourceVersionDate "2023.10.10"]
[SourceQuality "1"]
[WhiteTeam "Dom-In Agencija Neprem"]
[BlackTeam "Menges Trzin II"]
[WhiteTeamCountry "SLO"]
[BlackTeamCountry "SLO"]

1. f4 c5 2. Nf3 Nc6 3. e3 d6 4. b3 e6 5. Bb2 Nf6 6. c4 Be7 7. Nc3 Bd7 8. Bd3 0-0 9. 0-0 Re8 10. Qc2 Nb4 11. Qb1 Nxd3 12. Qxd3 Bc6 13. e4 e5 14. f5 a6 15. a4 Qd7 16. Nd5 Bxd5 17. cxd5 Rac8 18. Qe2 b5 19. d3 b4 20. Bc1 a5 21. Nd2 Qa7 22. Nc4 Nd7 23. Rf3 f6 24. Rh3 Nf8 25. Qg4 g5 26. Qh5 Bd8 27. Nxd6 c4+ 28. Be3 Bb6 29. Nxe8 Bxe3+ 30. Kh1 Qb6 31. dxc4 Bd4 32. Rf1 Ra8 33. Rg3 Be3 34. Nxf6+ Qxf6 35. Rxe3 Nd7 36. Rg3 h6 37. h4 Kf8 38. hxg5 hxg5 39. Rxg5 Nc5 40. Rg6 Qf7 41. Qh6+ Ke8 42. Rg7 Qf8 43. Qc6+ Nd7 44. Qxa8+ 1-0

[Event "Ljubljana-chT 69th 2nd League"]
[Site "Ljubljana"]
[Date "2016.03.03"]
[Round "5.4"]
[White "Jancigaj, Saso"]
[Black "Manojlovic, Cvjetin"]
[Result "0-1"]
[WhiteElo "1588"]
[BlackElo "1430"]
[PlyCount "65"]
[EventDate "2016.01.14"]
[EventType "team-tourn"]
[EventRounds "10"]
[EventCountry "SLO"]
[SourceTitle "EXT 2022"]
[Source "ChessBase"]
[SourceDate "2021.10.06"]
[SourceVersion "1"]
[SourceVersionDate "2021.10.06"]
[SourceQuality "1"]
[WhiteTeam "Dom In Agencija Neprem"]
[BlackTeam "Ljubljana Energetica Te Tol"]
[WhiteTeamCountry "SLO"]
[BlackTeamCountry "SLO"]

1. f4 b6 2. Nf3 Bb7 3. e3 e6 4. b3 h6 5. Bb2 Nc6 6. c4 Qe7 7. Nc3 Qd8 8. a3 Nge7 9. Bd3 Rg8 10. 0-0 g6 11. Qc2 d6 12. Ne4 Bg7 13. Bf6 Nb8 14. Qc3 Kf8 15. Bxg7+ Rxg7 16. Nf6 Nd7 17. Ng4 h5 18. Nf6 Ng8 19. Nxg8 Kxg8 20. Ng5 Qe7 21. b4 f6 22. Nh3 Kf7 23. Rae1 Rag8 24. e4 Ke8 25. Bc2 Kd8 26. d4 g5 27. f5 e5 28. d5 g4 29. Nf2 g3 30. hxg3 Rxg3 31. Re3 Rxg2+ 32. Kh1 Qg7 33. Nh3 0-1